Transects/ (Record no. 7866)

000 -LEADER
fixed length control field 00491nam a22001577a 4500
003 - CONTROL NUMBER IDENTIFIER
control field OSt
005 - DATE AND TIME OF LATEST TRANSACTION
control field 20200527125435.0
008 - FIXED-LENGTH DATA ELEMENTS--GENERAL INFORMATION
fixed length control field 200527b ||||| |||| 00| 0 eng d
020 ## - INTERNATIONAL STANDARD BOOK NUMBER
International Standard Book Number 9781941806296
082 ## - DEWEY DECIMAL CLASSIFICATION NUMBER
Classification number 378.74811
Item number WEL
100 ## - MAIN ENTRY--PERSONAL NAME
Personal name Weller, Richard
245 ## - TITLE STATEMENT
Title Transects/
Remainder of title 100 years of landscape architecture and regional planning at the School of Design of the University of Pennsylvania
250 ## - EDITION STATEMENT
Edition statement 1st ed.
260 ## - PUBLICATION, DISTRIBUTION, ETC. (IMPRINT)
Place of publication, distribution, etc China
Name of publisher, distributor, etc Applied Research & Design
Date of publication, distribution, etc 2014
942 ## - ADDED ENTRY ELEMENTS (KOHA)
Source of classification or shelving scheme
Holdings
Withdrawn status Lost status Source of classification or shelving scheme Damaged status Koha normalized classification for sorting Not for loan Permanent location Current location Date acquired Full call number Barcode Date last seen Price effective from Koha item type
        378_748110000000000_WEL   BMS College of Architecture, Design and Planning BMS College of Architecture, Design and Planning 2020-05-27 378.74811 WEL AR-PG295 2020-05-27 2020-05-27 PG Books
        378_748000000000000_WEL   BMS College of Architecture, Design and Planning BMS College of Architecture, Design and Planning 2020-06-04 378.748 WEL AR-UG1546 2020-06-04 2020-06-04 UG Books
Copyright © 2025, The Librarian, Library and Information Centre, BMSCA D&P, Bengaluru. All Rights Reserved
web counter

Powered by Koha